Historické hodiny ako ich nepoznáte na Dóme svätej Alžbety máme časomieru, na ktorú môžeme byť právom hrdí

Podrobná bibliografia
Hlavný autor: Kolcun, Milan, 1969- (Autor)
Médium: Článok
Jazyk:slovenčina
Fyzický popis:Fotogr.
ISSN:1339-7605
Predmet:

MARC

LEADER 00000nab a2200000 a 4500
001 vtls010678165
003 SK-MaSNL
005 20260303090111.0
008 150511|2015 xo z||p 000 0 slo
038 |a KEVKJB 
040 |a KEVKJB  |b slo  |c KEVKJB  |e AACR2 
041 0 |a slo 
044 |a xo  |c SK 
080 |a 681.111.1  |2 2001 
100 1 |a Kolcun, Milan,  |d 1969-  |4 aut  |9 105317 
245 1 0 |a Historické hodiny ako ich nepoznáte  |b na Dóme svätej Alžbety máme časomieru, na ktorú môžeme byť právom hrdí  |c Milan Kolcun 
300 |b Fotogr. 
610 2 7 |a Dóm sv. Alžbety (Košice, Slovensko)  |2 kevkjb  |9 34070 
650 0 7 |a slnečné hodiny  |2 kevkjb  |9 51363 
651 7 |a Košice (Slovensko)  |2 kevkjb  |9 18694 
773 0 |t košice:dnes  |g Roč. 2, č. 86 (7.5.2015), s. 10  |x 1339-7605 
852 |a KEVKJB  |b KIS3GCP 
999 |c 1801871  |d 1803801